00978nam a2200277 a 4500001001000000003000500010005001700015008004100032010001100073011001100084020001800095040000900113082002100122100002300143245012400166246007800290260006700368300002800435490003600463504002700499650004000526650004300566650004000609650001500649830003600664000110162CHAP20220329144120.0140728s2012 mx ad |r| |||0|||spa d a106624 a107596 a9786078240067 cCHAP04a305.4097275bR171 aRamos Maza, Teresa10aRegión fronteriza :bentre la milpa, el trabajo, los programas gubernamentales y el mercado /cpor Teresa Ramos Maza.1 aMujeres marginales de Chiapas: situación, condición y participación aMéxico :bUniversidad de Ciencias y Artes de Chiapas,c2012. a108 p. :bil., gráfs.0 aColección Corazón de maíz aIncluye bibliografía14aChiapasxVida social y costrumbres.14aMujer en comunidades ruralesxChiapas.14aMujerxSituación socialxChiapas.14aSubsidios. 0aColección Corazón de maíz